[Event "Mtel Masters"]
[Site "Sofia BUL"]
[Date "2006.05.17"]
[Round "6"]
[White "Anand, V."]
[Black "Bacrot, E."]
[Result "1/2-1/2"]
[WhiteElo "2803"]
[BlackElo "2708"]
[Annotator "Mihail Marin"]
[PlyCount "100"]
[EventDate "2006.05.11"]

1. e4 e5 2. Nf3 Nc6 3. Bb5 a6 4. Ba4 Nf6 5. O-O Be7 6. Re1 b5 7. Bb3 O-O 8. c3
{Finally! It has been quite some time since I have seen White allowing the
Marshall Attack in super-tournaments.} d5 9. exd5 Nxd5 10. Nxe5 Nxe5 11. Rxe5
c6 12. d4 Bd6 13. Re1 Qh4 14. g3 Qh3 15. Re4 g5 16. Qe1 ({
This is a rare move. More customary is} 16. Qf1) 16... Bf5 17. Nd2 h6 ({
Bacrot slowly consolidates his position, relying on his advnace of development.
Also possibleis} 17... Nf6 {aiming to dislocate the rook from e4, for instance}
18. f3 c5 19. Qe3 h6 20. Qf2 cxd4 21. cxd4 Rad8 22. Re2 Bd3 23. Re3 Qf5 {
Shchekachev-Gustafsson, Austria 2005}) ({The immediate capture on e4 with} 
17... Bxe4 $6 18. Nxe4 {would only help White continue his development.} Rae8
$2 {is impossible now because of} 19. Bxd5 cxd5 20. Nf6+ {winning a whole rook.
}) 18. f3 Kg7 ({This is a novelty, continuing the policy induced by the
previous move. Here, too} 18... Nf6 {is possible:} 19. Re2 Bd3 20. Re3 Rae8 21.
Nf1 c5 {Zhigalko-Livshits, Instanbul 2005}) 19. a4 Bxe4 20. fxe4 Rae8 21. axb5
axb5 {Strategically, White has more than sufficient compensation for the
exchange, in view of his strong centre, the active light-squares bishop anmd
the weakness of the f5-square. His only problem remains the incomplete
development.} 22. Nf1 $6 ({
White should not have weakened the e4-square. More consistent seems to be} 22.
Qf2) 22... Qg4 23. Bc2 Re7 24. Bd2 Rfe8 {Black threatens now to equalize by
sacrificing the exchange back with ...Rxe4. Anand's ambitious continuation is
not without risks.} 25. e5 f6 26. h3 $5 Qxh3 27. Qe4 Kh8 $1 {
A rather unaesthetical, but strong defensive move.} 28. Ra6 fxe5 29. Rxc6 Rf8
30. Bd3 Ref7 31. Qg2 Qxg2+ 32. Kxg2 Rf6 33. dxe5 Bxe5 34. Rc5 Rd6 35. Be4 Rfd8
36. Rxb5 Bg7 {If White could transfer his dark-squared bishop on a favbourable
square, such as f2, his chances would be better, but this is not easy to
accomplish.} 37. Bc1 ({For instance,} 37. Be1 {would be met by} Re6 {
pinning the bishops and forcing favourable simplifications.}) 37... Nf6 38. Bf3
g4 39. Be2 Re8 40. Bc4 Rd1 41. Bf4 Ne4 {
In view of the dangerous situation of his king, White has to be careful now.}
42. Be2 Nxc3 43. Bxd1 Nxb5 44. Bxg4 Re1 45. Ne3 Nd4 46. Nc4 Rb1 {This pawn will
not be too easy to capture; Anand's bishops control a lot of important squares.
} 47. Bd2 Nb3 48. Be3 Nd4 49. Bd2 Nb3 50. Be3 Nd4 1/2-1/2